Podnikateľské inkubátory
Význam malého a stredného podnikania. Podnikateľský inkubátor - pomoc pre začínajúcich podnikateľov. Podnikateľské inkubátory na Slovensku a vo svete. Financovanie inkubátorov, rizikový kapitál. Slovenská inovačná a energetická agentúra. Vedecko-technologický park.
Gespeichert in:
| 1. Verfasser: | |
|---|---|
| Format: | Buchkapitel |
| Sprache: | Slowakisch |
| Schlagworte: | |
| Tags: |
Keine Tags, Fügen Sie das erste Tag hinzu!
|
MARC
| LEADER | 00000naa a2200000 4500 | ||
|---|---|---|---|
| 001 | 0151434 | ||
| 005 | 20231120102737.2 | ||
| 041 | 0 | |a slo | |
| 044 | |a SK | ||
| 245 | 1 | 0 | |a Podnikateľské inkubátory |c Dagmar Hrašková |
| 520 | |a Význam malého a stredného podnikania. Podnikateľský inkubátor - pomoc pre začínajúcich podnikateľov. Podnikateľské inkubátory na Slovensku a vo svete. Financovanie inkubátorov, rizikový kapitál. Slovenská inovačná a energetická agentúra. Vedecko-technologický park. | ||
| 610 | 2 | 0 | |a podnikanie malé |
| 610 | 2 | 0 | |a podnikanie stredné |
| 610 | 2 | 0 | |a financovanie podnikov |
| 610 | 2 | 0 | |a kapitál rizikový |
| 610 | 2 | 0 | |a inkubátory podnikateľské |
| 610 | 2 | 0 | |a Slovensko |
| 100 | 1 | |a Hrašková, Dagmar | |